Central Library OPAC University of Rajshahi

Studies on Genetic and Environmental Componets of Variabilty in Maize (Zea mays L.) / (Record no. 83717)

MARC details
000 -LEADER
fixed length control field 01000nam a2200253 a 4500
001 - CONTROL NUMBER
RUCL Control Number 83717
003 - CONTROL NUMBER IDENTIFIER
rucl marc code BD-RjUL
005 - DATE AND TIME OF LATEST TRANSACTION
control field 20240512103912.0
008 - FIXED-LENGTH DATA ELEMENTS--GENERAL INFORMATION
fixed length control field 240512s2009 bg a|||| m||| 00| 0 eng d
035 ## - SYSTEM CONTROL NUMBER
system control number (BD-RjUL)83717
040 ## - CATALOGING SOURCE
Original cataloging agency BD-RjUL
Language of cataloging eng
Transcribing agency BD-RjUL
Modifying agency BD-RjUL
041 ## - LANGUAGE CODE
Language code of Book eng
082 ## - DEWEY DECIMAL CLASSIFICATION NUMBER
DDC Edition number 23
Classification number 584.92
Author mark and Year ALS 2009
100 ## - MAIN ENTRY--PERSONAL NAME
Personal name Alam, Md. Sultan
9 (RLIN) 12960
245 10 - TITLE STATEMENT
Title Studies on Genetic and Environmental Componets of Variabilty in Maize (Zea mays L.) /
Statement of responsibility, etc By Md. Sultan Alam ;
Name of Supervisor/Co-Supervisor Principal Supervisor : Md. Firoz Alam, Co-Supervisor : Md. Monzur Hossain
260 ## - PUBLICATION, DISTRIBUTION, ETC. (IMPRINT)
Place of publication, distribution, etc Rajshahi :
Name of publisher, distributor, etc Department of Botany, Univerity of Rajshahi,
Date of publication, distribution, etc 2009
300 ## - PHYSICAL DESCRIPTION
Pagination xxi, 208 Leaves :
Other physical details ill, ;
Dimensions 29 cm.
502 ## - DISSERTATION NOTE
Dissertation note Thesis (Ph. D.) -- Department of Botany, Univerity of Rajshahi, 2009
504 ## - BIBLIOGRAPHY, ETC. NOTE
Bibliography, etc References : Leaves [188]-202
650 ## - SUBJECT ADDED ENTRY--TOPICAL TERM
Topical term or geographic name as entry element Panicoldeae
Form subdivision Maize
9 (RLIN) 12961
700 ## - ADDED ENTRY--SUPERVISOR/CO-SUPERVISOR NAME
Personal name Alam, Md. Firoz, Principal, Supervisor
9 (RLIN) 11434
Personal name Hossain, Md. Monzur, Co-Supervisor
9 (RLIN) 12962
942 ## - ADDED ENTRY ELEMENTS (KOHA)
Source of classification or shelving scheme Dewey Decimal Classification
Koha item type Theses
Holdings
Source of classification or shelving scheme Damaged status Not for loan Collection code Permanent Location Current Location Shelving location Date of accession Source of acquisition Total Checkouts Full call number Barcode Date last seen Copy number Thesis
Dewey Decimal Classification   Not For Loan Theses Central Library, University of Rajshahi Central Library, University of Rajshahi Documentation Section 02/11/2010 Controller of Exam. R. U.   THE 584.92 ALS 2009 D3105 12/05/2024 C-I Theses